000 00408nam a2200133 a 4500
001 000039071
005 20201002031501.0
008 130520s1996 dr 000 0 spa d
040 _aDO-SdBNP
_bspa
_cBNPHU
100 1 _aSilié Gatón, Domingo
_917549
245 1 4 _aLos padres, la escuela y el hogar /
_cDomingo Silié Gatón.
260 _aSanto Domingo :
_bImpresora Pérez,
_c1996.
300 _a81 p. ;
_c22 cm.
999 _c38561
_d38561